000 00559nam a2200181 a 4500
001 0160
005 20140414132039.0
008 040804s19uu xx 00 eng d
050 _aBB
_bC46 bk.1
100 _aBrierly, Jane
245 _aThe Christmas treasure chest, bk. 1 /
_ctext by Jane Brierly ; illustrations by Isabelle Langevin.
260 _aMontreal, Canada :
_bTormont,
_c1992.
300 _a16 p. : ill. ; cm.
500 _aContent: The Little Christmas Tree
650 _aChristmas
_xFiction.
650 _aChildren stories.
999 _c113806
_d113806